Systems analysis and design

Tallennettuna:
Bibliografiset tiedot
Päätekijä:  Kendell, Kenneth E
Aineistotyyppi: Sách
Kieli:Undetermined
Julkaistu:  Pearson  2014
Aiheet:
Tagit: Lisää tagi
Ei tageja, Lisää ensimmäinen tagi!
Thư viện lưu trữ: Trung tâm Thư viện - Trường Đại học Công nghiệp TP. Hồ Chí Minh
LEADER 00551nam a2200157Ia 4500
001 UIH_06105
008 231011s9999 xx 000 0 und d
082 |a  004.21 
100 |a  Kendell, Kenneth E 
245 0 |a  Systems analysis and design 
245 0 |c  Kendell, Kenneth E 
260 |b  Pearson 
260 |c  2014 
650 |a  System analysis; System design; Phân tích hệ thống; Thiết kế hệ thống;  
927 |a Sách 
980 |a Trung tâm Thư viện - Trường Đại học Công nghiệp TP. Hồ Chí Minh